000 00359nam a2200145 i 4500
001 bg
100 1 _aVARLAMOV, I.W.
245 0 _aMikroprocessory v bytovoj technike /
_cI.W. Varlamov, I.L. Kasatkin.
260 _aMoskva,
_c1987.
700 1 _aKASATKIN, I.L.
040 _cBPK
041 _apol
942 _cKS
008 s pl f |000 0 pol
999 _c23772
_d23772
856 _uhttp://koha.tu.koszalin.pl/cgi-bin/koha/opac-detail.pl?biblionumber=23772
_yKatalog online BPK